000 00586cam a22002051a 4500
001 sa 68010471
003 DLC
005 20260227112552.0
008 831212s1967 ii 000 1 eng
010 _asa 68010471
035 _a(OCoLC)10211195
040 _aDLC
_cIU
_dTxU
_dDLC
042 _apremarc
050 0 0 _aPZ4.B7112
_bNe
_aPR6052.O57
100 1 _aBond, Ruskin.
245 1 4 _aThe neighbour's wife and other stories /
_cby Ruskin Bond.
260 _a[Madras] :
_bHigginbothams,
_c1967.
300 _avii, 205 p.
_c19 cm.
651 0 _aIndia
_xSocial life and customs
_vFiction.
999 _c83402
_d83402